Statistics for DC comics superheroes

Click here to take the quiz!

General Stats

  • This quiz has been taken 4,186 times
  • The average score is 14 of 19

Answer Stats

HintAnswer% Correct
Bat-like powers. Protects the city of Gotham.Batman
100%
Comes from the planet Krypton. Protects the city of Metropolis.Superman
100%
King of Atlantis can breathe on land and underwater.Aquaman
98%
Man with incredible speed.The flash
95%
Woman with superhuman strength and speed. Some regard her as the most famous heroine of all time.Wonderwoman
92%
Possess green ring that creates whatever you want and gains you membership to intergalactic police force.Green Lantern
92%
Half human half machine.Cyborg
91%
Assistant betrayed him. While stranded on a desert island he mastered the bow and arrowGreen Arrow
88%
Used to be #1's sidekick Robin but then changed his name and went solo.Nightwing
83%
The worlds fiercest attacker, has wings and his weapon is a trusty mace.Hawkman
76%
Extremely similar to the above, different gender.Hawkgirl
75%
Extreme emotions can cause her to bring out the demon within.Raven
55%
Often helps #1 get out of tricky situations and is similar powers.Batgirl
54%
Boy who was granted powers but couldn't keep them under control.Shazam
53%
Professional stage magician. Although her magic is real not fake.Zatanna
50%
Superman's best friend that can bite through steel.Krypto
47%
Shape shifting hero with extendo arms.Plasticman
47%
Rules the seas alongside #3. Female.Mera
43%
Child that got an illness that nearly killed him but medicine given by parents saved him along with powers.Beastboy
40%

Score Distribution

Percentile by Number Answered

Percent of People with Each Score

Your Score History

You have not taken this quiz